[Event "ODJM B 2022"]
[Site "Willingen GER"]
[Date "2022.06.08"]
[Round "5"]
[White "Götz, Timon"]
[Black "Maul, Maik Joel"]
[Result "0-1"]
[Termination "normal"]
[Board "1"]
[WhiteElo "1558"]
[BlackElo "1532"]
[WhiteClock "00:28:50"]
[BlackClock "00:16:41"]
[PlyCount "98"]
[WhiteFideId "16245040"]
[BlackFideId "16204816"]
[EventCountry "GER"]
[EventRounds "9"]
[EventType "swiss"]
[EventDate "2022.06.04"]

1. c4 {[%clk 1:30:55]} e5 {[%clk 1:30:55]} 2. Nc3 {[%clk 1:31:14]} Nc6 {[%clk
1:31:06]} 3. g3 {[%clk 1:31:20]} d6 {[%clk 1:31:22]} 4. Bg2 {[%clk 1:31:33]}
Be6 {[%clk 1:31:36]} 5. d3 {[%clk 1:31:52]} Qd7 {[%clk 1:31:34]} 6. Rb1 {[%clk
1:32:04]} g6 {[%clk 1:29:10]} 7. b4 {[%clk 1:32:08]} Bg7 {[%clk 1:28:08]} 8. b5
{[%clk 1:31:07]} Nd8 {[%clk 1:26:39]} 9. e3 {[%clk 1:28:43]} Nf6 {[%clk
1:24:37]} 10. Qb3 {[%clk 1:26:48]} O-O {[%clk 1:23:41]} 11. a4 {[%clk 1:23:57]}
c6 {[%clk 1:20:53]} 12. bxc6 {[%clk 1:22:11]} bxc6 {[%clk 1:21:00]} 13. Ba3
{[%clk 1:22:03]} Re8 {[%clk 1:20:22]} 14. Ne4 {[%clk 1:13:49]} Nxe4 {[%clk
1:14:59]} 15. dxe4 {[%clk 1:11:31]} f6 {[%clk 1:12:46]} 16. Ne2 {[%clk
1:11:00]} Nf7 {[%clk 1:11:23]} 17. O-O {[%clk 1:10:38]} Bh3 {[%clk 1:10:07]}
18. Qb7 {[%clk 1:10:46]} c5 {[%clk 0:53:46]} 19. Nc3 {[%clk 1:07:55]} Qxb7
{[%clk 0:42:42]} 20. Rxb7 {[%clk 1:08:10]} Be6 {[%clk 0:42:46]} 21. Nd5 {[%clk
1:07:32]} Bxd5 {[%clk 0:42:54]} 22. exd5 {[%clk 1:07:24]} e4 {[%clk 0:34:46]}
23. Rd1 Ne5 {[%clk 0:30:13]} 24. Bxc5 {[%clk 0:49:48]} dxc5 {[%clk 0:29:57]}
25. d6 {[%clk 0:49:46]} f5 {[%clk 0:28:27]} 26. Rc7 {[%clk 0:47:27]} Nxc4
{[%clk 0:27:22]} 27. Rxc5 {[%clk 0:46:58]} Nxd6 {[%clk 0:27:03]} 28. Rxd6
{[%clk 0:40:53]} Bf8 {[%clk 0:26:59]} 29. Rcd5 {[%clk 0:40:50]} Bxd6 {[%clk
0:27:18]} 30. Rxd6 {[%clk 0:41:14]} Red8 {[%clk 0:26:53]} 31. Ra6 {[%clk
0:41:10]} Rac8 {[%clk 0:27:11]} 32. Bf1 {[%clk 0:39:12]} Rc7 {[%clk 0:25:59]}
33. h4 {[%clk 0:38:45]} Kf7 {[%clk 0:25:21]} 34. Kg2 {[%clk 0:38:26]} Ke7
{[%clk 0:24:57]} 35. h5 {[%clk 0:34:59]} Rd6 {[%clk 0:23:35]} 36. Ra5 {[%clk
0:34:45]} Kf6 {[%clk 0:22:25]} 37. hxg6 {[%clk 0:33:14]} hxg6 {[%clk 0:22:47]}
38. g4 {[%clk 0:32:48]} Rd2 {[%clk 0:22:02]} 39. Ra6+ {[%clk 0:32:37]} Kg5
{[%clk 0:21:56]} 40. Kg3 {[%clk 0:31:48]} Rcc2 {[%clk 0:20:49]} 41. f3 {[%clk
0:30:04]} exf3 {[%clk 0:20:22]} 42. Bh3 {[%clk 0:29:37]} fxg4 {[%clk 0:16:50]}
43. Ra5+ {[%clk 0:29:35]} Kh6 {[%clk 0:17:06]} 44. Kxg4 {[%clk 0:29:18]} f2
{[%clk 0:17:21]} 45. Rxa7 {[%clk 0:28:34]} Rd1 {[%clk 0:17:09]} 46. a5 {[%clk
0:27:58]} f1=Q {[%clk 0:16:08]} 47. Bxf1 {[%clk 0:28:18]} Rxf1 {[%clk 0:16:36]}
48. a6 {[%clk 0:28:25]} Rg2+ {[%clk 0:16:14]} 49. Kh3 {[%clk 0:28:50]} Ra2
{[%clk 0:16:41]} 0-1

[Event "ODJM B 2022"]
[Site "Willingen GER"]
[Date "2022.06.08"]
[Round "5"]
[White "John, Niklas"]
[Black "Türel, Tugrul"]
[Result "1/2-1/2"]
[Termination "normal"]
[Board "2"]
[WhiteElo "1563"]
[BlackElo "1206"]
[WhiteClock "00:02:19"]
[BlackClock "00:29:28"]
[PlyCount "71"]
[WhiteFideId "16234626"]
[BlackFideId "26338408"]
[EventCountry "GER"]
[EventRounds "9"]
[EventType "swiss"]
[EventDate "2022.06.04"]

1. e4 {[%clk 1:30:55]} e5 {[%clk 1:30:54]} 2. Nf3 {[%clk 1:31:10]} Nc6 {[%clk
1:31:18]} 3. Bc4 {[%clk 1:31:21]} Bc5 {[%clk 1:31:39]} 4. d3 {[%clk 1:31:07]}
Nf6 {[%clk 1:31:58]} 5. O-O {[%clk 1:30:57]} O-O {[%clk 1:32:19]} 6. h3 {[%clk
1:31:09]} d6 {[%clk 1:32:25]} 7. c3 {[%clk 1:31:00]} Be6 {[%clk 1:32:41]} 8.
Bb3 {[%clk 1:30:30]} Bxb3 {[%clk 1:30:06]} 9. Qxb3 {[%clk 1:29:05]} Bb6 {[%clk
1:29:59]} 10. Re1 {[%clk 1:27:45]} Re8 {[%clk 1:25:24]} 11. Nbd2 {[%clk
1:24:40]} h6 {[%clk 1:24:47]} 12. Nf1 {[%clk 1:22:09]} d5 {[%clk 1:24:55]} 13.
Ng3 {[%clk 1:16:00]} dxe4 {[%clk 1:22:43]} 14. dxe4 {[%clk 1:13:42]} Qd7 {[%clk
1:22:44]} 15. Nh4 {[%clk 1:05:14]} Ne7 {[%clk 1:16:37]} 16. Be3 {[%clk
0:54:53]} Qe6 {[%clk 1:12:01]} 17. Qxe6 {[%clk 0:47:26]} fxe6 {[%clk 1:12:14]}
18. Bxb6 {[%clk 0:37:14]} axb6 {[%clk 1:12:05]} 19. a3 {[%clk 0:30:19]} Red8
{[%clk 1:10:32]} 20. Nf3 {[%clk 0:23:40]} Nc6 {[%clk 1:08:26]} 21. Nf1 {[%clk
0:17:08]} Nd7 {[%clk 1:02:12]} 22. b4 {[%clk 0:09:22]} b5 {[%clk 1:02:15]} 23.
Ne3 {[%clk 0:06:56]} Nb6 24. Kf1 Kf8 {[%clk 0:38:33]} 25. Rec1 {[%clk 0:03:02]}
Ra4 {[%clk 0:36:09]} 26. c4 {[%clk 0:01:46]} Nxc4 {[%clk 0:35:47]} 27. Nxc4
{[%clk 0:01:29]} bxc4 {[%clk 0:36:12]} 28. Rxc4 {[%clk 0:01:35]} Rd3 {[%clk
0:34:04]} 29. Ke2 {[%clk 0:01:11]} Rdxa3 {[%clk 0:32:22]} 30. Rxa3 {[%clk
0:01:37]} Rxa3 {[%clk 0:32:42]} 31. b5 {[%clk 0:02:01]} Na7 {[%clk 0:31:46]}
32. Rxc7 {[%clk 0:01:14]} Nxb5 {[%clk 0:32:10]} 33. Rxb7 {[%clk 0:01:28]} Nc3+
{[%clk 0:28:47]} 34. Kd3 {[%clk 0:01:51]} Nd1+ {[%clk 0:29:05]} 35. Ke2 {[%clk
0:02:00]} Nc3+ {[%clk 0:29:28]} 36. Kd3 {[%clk 0:02:19]} 1/2-1/2

[Event "ODJM B 2022"]
[Site "Willingen GER"]
[Date "2022.06.08"]
[Round "5"]
[White "Günther, Arthur"]
[Black "Kieselbach, Marvin"]
[Result "1/2-1/2"]
[Termination "normal"]
[Board "3"]
[WhiteElo "1579"]
[BlackElo "1662"]
[WhiteClock "00:10:20"]
[BlackClock "00:01:01"]
[PlyCount "80"]
[WhiteFideId "16230078"]
[BlackFideId "16235770"]
[EventCountry "GER"]
[EventRounds "9"]
[EventType "swiss"]
[EventDate "2022.06.04"]

1. d4 {[%clk 1:30:59]} d5 {[%clk 1:30:53]} 2. Nf3 {[%clk 1:31:25]} Nf6 {[%clk
1:31:16]} 3. e3 {[%clk 1:31:51]} g6 {[%clk 1:31:36]} 4. Bd3 {[%clk 1:31:01]}
Bg7 {[%clk 1:31:51]} 5. O-O {[%clk 1:31:17]} O-O {[%clk 1:32:08]} 6. c4 {[%clk
1:31:20]} c5 {[%clk 1:31:55]} 7. Nc3 {[%clk 1:31:18]} cxd4 {[%clk 1:31:44]} 8.
exd4 {[%clk 1:31:27]} Nc6 {[%clk 1:31:53]} 9. Bg5 {[%clk 1:27:22]} Be6 {[%clk
1:30:08]} 10. c5 {[%clk 1:24:22]} Bg4 {[%clk 1:26:24]} 11. Be3 {[%clk 1:20:39]}
Bxf3 {[%clk 1:15:33]} 12. Qxf3 {[%clk 1:18:16]} e5 {[%clk 1:15:25]} 13. Bg5
{[%clk 1:11:27]} Nxd4 {[%clk 1:05:00]} 14. Qe3 {[%clk 1:09:37]} Nc6 {[%clk
0:46:59]} 15. Qf3 {[%clk 1:03:11]} Nd4 {[%clk 0:39:56]} 16. Qg3 {[%clk
0:56:46]} Nh5 {[%clk 0:37:48]} 17. Bxd8 {[%clk 0:55:09]} Nxg3 {[%clk 0:38:08]}
18. Be7 {[%clk 0:49:53]} Nxf1 {[%clk 0:38:17]} 19. Bxf8 {[%clk 0:48:54]} Kxf8
{[%clk 0:36:50]} 20. Kxf1 {[%clk 0:49:02]} Rd8 {[%clk 0:36:59]} 21. Rd1 {[%clk
0:47:09]} Ne6 {[%clk 0:36:35]} 22. Na4 {[%clk 0:39:35]} e4 {[%clk 0:36:53]} 23.
Be2 {[%clk 0:39:11]} f5 {[%clk 0:25:00]} 24. g3 {[%clk 0:36:15]} Ke7 {[%clk
0:24:04]} 25. b4 {[%clk 0:35:57]} d4 {[%clk 0:22:06]} 26. Bc4 {[%clk 0:35:51]}
Ng5 {[%clk 0:20:33]} 27. b5 {[%clk 0:34:20]} d3 {[%clk 0:19:34]} 28. b6 {[%clk
0:29:36]} axb6 {[%clk 0:17:42]} 29. Nxb6 {[%clk 0:28:01]} Bd4 {[%clk 0:17:04]}
30. Nd5+ {[%clk 0:27:06]} Kf8 {[%clk 0:15:38]} 31. Nf4 {[%clk 0:25:50]} Rc8
{[%clk 0:11:57]} 32. h4 {[%clk 0:25:20]} Nf3 {[%clk 0:12:05]} 33. Bxd3 {[%clk
0:23:02]} Bxc5 {[%clk 0:11:10]} 34. Bb5 {[%clk 0:18:24]} Bb6 {[%clk 0:07:09]}
35. Ba4 {[%clk 0:16:07]} Rc4 {[%clk 0:05:52]} 36. Bb3 {[%clk 0:15:41]} Rc6
{[%clk 0:05:02]} 37. Ba4 {[%clk 0:12:48]} Rc4 {[%clk 0:04:12]} 38. Bb3 {[%clk
0:13:09]} Rc8 {[%clk 0:04:06]} 39. Kg2 {[%clk 0:10:18]} Ke8 {[%clk 0:02:39]}
40. Ba4+ {[%clk 0:10:20]} Kf8 {[%clk 0:01:01]} 1/2-1/2

[Event "ODJM B 2022"]
[Site "Willingen GER"]
[Date "2022.06.08"]
[Round "5"]
[White "Kalina, Lena"]
[Black "Tornay, Aritz"]
[Result "1-0"]
[Termination "normal"]
[Board "4"]
[WhiteElo "1735"]
[BlackElo "1765"]
[WhiteClock "00:04:59"]
[BlackClock "00:04:02"]
[PlyCount "109"]
[WhiteFideId "12988014"]
[BlackFideId "16205740"]
[EventCountry "GER"]
[EventRounds "9"]
[EventType "swiss"]
[EventDate "2022.06.04"]

1. d4 {[%clk 1:30:57]} Nf6 {[%clk 1:30:55]} 2. c4 {[%clk 1:31:23]} g6 {[%clk
1:31:19]} 3. Nf3 {[%clk 1:31:47]} Bg7 {[%clk 1:31:45]} 4. g3 {[%clk 1:32:12]}
O-O {[%clk 1:32:07]} 5. Bg2 {[%clk 1:32:39]} d6 {[%clk 1:32:22]} 6. Nc3 {[%clk
1:33:00]} Nc6 {[%clk 1:32:43]} 7. d5 {[%clk 1:30:22]} Na5 {[%clk 1:32:56]} 8.
Nd2 {[%clk 1:29:19]} c5 {[%clk 1:31:43]} 9. Rb1 {[%clk 1:26:14]} Nd7 {[%clk
1:21:03]} 10. Nce4 {[%clk 1:19:14]} Nb6 {[%clk 1:15:43]} 11. b3 {[%clk
1:15:15]} a6 {[%clk 1:11:46]} 12. Bb2 {[%clk 1:10:15]} Bxb2 {[%clk 1:09:13]}
13. Rxb2 {[%clk 1:10:40]} Rb8 {[%clk 1:09:17]} 14. O-O {[%clk 1:07:32]} Bd7
{[%clk 1:03:28]} 15. Nc3 {[%clk 1:01:10]} Na8 {[%clk 1:01:09]} 16. Qb1 {[%clk
0:56:10]} b5 {[%clk 0:57:57]} 17. cxb5 {[%clk 0:52:11]} axb5 {[%clk 0:56:33]}
18. b4 {[%clk 0:48:33]} cxb4 {[%clk 0:54:54]} 19. Rxb4 {[%clk 0:48:09]} Nc7
{[%clk 0:54:52]} 20. Nf3 {[%clk 0:45:48]} Na6 {[%clk 0:44:28]} 21. Rh4 {[%clk
0:41:36]} f6 {[%clk 0:30:36]} 22. Nd4 {[%clk 0:30:29]} b4 {[%clk 0:27:37]} 23.
Ne4 {[%clk 0:27:39]} Nc5 {[%clk 0:26:39]} 24. Qc1 {[%clk 0:19:28]} Rc8 {[%clk
0:17:54]} 25. Qh6 {[%clk 0:11:52]} Rf7 {[%clk 0:18:09]} 26. Nxc5 {[%clk
0:09:49]} dxc5 {[%clk 0:18:15]} 27. Nb3 {[%clk 0:05:29]} Nxb3 {[%clk 0:13:10]}
28. axb3 {[%clk 0:05:53]} Bb5 {[%clk 0:11:15]} 29. Re1 {[%clk 0:03:11]} c4
{[%clk 0:09:44]} 30. Bh3 {[%clk 0:02:45]} Bd7 {[%clk 0:04:18]} 31. Rxc4 {[%clk
0:02:03]} Rxc4 {[%clk 0:03:35]} 32. bxc4 {[%clk 0:02:27]} Bxh3 {[%clk 0:03:55]}
33. Qxh3 {[%clk 0:02:54]} Qc7 {[%clk 0:04:01]} 34. Qg4 {[%clk 0:02:31]} Rf8
{[%clk 0:03:55]} 35. Qd4 {[%clk 0:01:48]} Rc8 {[%clk 0:03:28]} 36. Rc1 {[%clk
0:01:41]} Qa5 {[%clk 0:03:31]} 37. c5 {[%clk 0:01:13]} b3 {[%clk 0:03:02]} 38.
c6 {[%clk 0:00:43]} Qb5 {[%clk 0:02:13]} 39. Qd2 {[%clk 0:00:45]} Kf7 {[%clk
0:01:36]} 40. e4 {[%clk 0:00:45]} Qb8 {[%clk 0:01:21]} 41. Rb1 {[%clk 0:30:06]}
Qe5 {[%clk 0:26:35]} 42. Rxb3 {[%clk 0:22:45]} Qxe4 {[%clk 0:26:34]} 43. Re3
{[%clk 0:20:24]} Qb1+ {[%clk 0:24:43]} 44. Re1 {[%clk 0:18:06]} Qb8 {[%clk
0:24:16]} 45. Qh6 {[%clk 0:15:13]} Rh8 {[%clk 0:24:44]} 46. Rc1 {[%clk
0:14:28]} Qc7 {[%clk 0:22:13]} 47. Qe3 {[%clk 0:14:06]} Rd8 {[%clk 0:21:12]}
48. Qe6+ {[%clk 0:13:28]} Kf8 {[%clk 0:21:29]} 49. Rb1 {[%clk 0:12:02]} Rd6
{[%clk 0:16:53]} 50. Qe4 {[%clk 0:09:04]} Kf7 {[%clk 0:09:56]} 51. Rb7 {[%clk
0:07:35]} Qd8 {[%clk 0:10:24]} 52. Qc4 {[%clk 0:06:17]} Qc8 {[%clk 0:05:54]}
53. c7 {[%clk 0:04:39]} Rd7 {[%clk 0:03:33]} 54. d6+ {[%clk 0:04:48]} Kg7
{[%clk 0:04:02]} 55. Rb8 {[%clk 0:04:59]} 1-0

[Event "ODJM B 2022"]
[Site "Willingen GER"]
[Date "2022.06.08"]
[Round "5"]
[White "Stülcken, Philipp"]
[Black "Andrade, Ruben"]
[Result "1-0"]
[Termination "normal"]
[Board "5"]
[WhiteElo "1513"]
[BlackElo "1694"]
[WhiteClock "00:36:06"]
[BlackClock "00:24:40"]
[PlyCount "93"]
[WhiteFideId "12986232"]
[BlackFideId "16246829"]
[EventCountry "GER"]
[EventRounds "9"]
[EventType "swiss"]
[EventDate "2022.06.04"]

1. Nf3 {[%clk 1:30:51]} f5 {[%clk 1:30:56]} 2. d4 {[%clk 1:30:15]} Nf6 {[%clk
1:31:21]} 3. e3 {[%clk 1:29:52]} g6 {[%clk 1:31:09]} 4. b3 {[%clk 1:28:41]} Bg7
{[%clk 1:31:33]} 5. Bb2 {[%clk 1:29:04]} O-O {[%clk 1:31:56]} 6. Be2 {[%clk
1:28:23]} d6 {[%clk 1:31:59]} 7. O-O {[%clk 1:28:28]} c6 {[%clk 1:31:21]} 8.
Nbd2 {[%clk 1:27:48]} Qc7 {[%clk 1:30:24]} 9. c4 {[%clk 1:23:55]} Nbd7 {[%clk
1:27:28]} 10. Ng5 {[%clk 1:21:13]} Nb6 {[%clk 1:25:54]} 11. Rc1 {[%clk
1:19:42]} h6 {[%clk 1:24:03]} 12. Ngf3 {[%clk 1:18:16]} Nbd7 {[%clk 1:08:25]}
13. Bd3 {[%clk 1:06:31]} e5 {[%clk 0:55:36]} 14. e4 {[%clk 1:03:31]} fxe4
{[%clk 0:45:40]} 15. Nxe4 {[%clk 1:02:41]} Nxe4 {[%clk 0:38:53]} 16. Bxe4
{[%clk 1:00:28]} g5 {[%clk 0:36:34]} 17. Bb1 {[%clk 0:57:49]} Re8 {[%clk
0:24:21]} 18. Re1 {[%clk 0:49:40]} Nf8 {[%clk 0:23:03]} 19. dxe5 {[%clk
0:46:13]} dxe5 {[%clk 0:23:20]} 20. Re3 {[%clk 0:44:01]} Bg4 {[%clk 0:20:55]}
21. Qc2 {[%clk 0:36:20]} Re7 {[%clk 0:12:58]} 22. Rce1 {[%clk 0:33:59]} Rae8
{[%clk 0:12:45]} 23. Qe2 {[%clk 0:29:39]} Rf7 {[%clk 0:07:03]} 24. h3 {[%clk
0:24:59]} Bxf3 {[%clk 0:07:22]} 25. Rxf3 {[%clk 0:23:54]} Rxf3 {[%clk 0:07:14]}
26. Qxf3 {[%clk 0:23:25]} Re7 {[%clk 0:03:57]} 27. Qg3 {[%clk 0:19:28]} Qd6
{[%clk 0:02:43]} 28. Bc3 {[%clk 0:18:51]} Qf6 {[%clk 0:02:34]} 29. Qe3 {[%clk
0:17:44]} a6 {[%clk 0:02:03]} 30. Rd1 {[%clk 0:10:57]} Qe6 {[%clk 0:01:44]} 31.
Qe4 {[%clk 0:10:16]} Rd7 {[%clk 0:01:37]} 32. Re1 {[%clk 0:10:03]} Re7 {[%clk
0:01:30]} 33. h4 {[%clk 0:09:49]} gxh4 {[%clk 0:00:43]} 34. Qxh4 {[%clk
0:09:58]} Rf7 {[%clk 0:00:36]} 35. Qh5 {[%clk 0:09:54]} Qf6 {[%clk 0:00:37]}
36. Qe2 {[%clk 0:09:11]} Nd7 {[%clk 0:00:46]} 37. b4 {[%clk 0:08:52]} b5 {[%clk
0:01:02]} 38. c5 {[%clk 0:08:47]} Qg5 {[%clk 0:01:01]} 39. Bc2 {[%clk 0:08:30]}
Qf6 {[%clk 0:00:47]} 40. Bb3 {[%clk 0:08:31]} Kf8 {[%clk 0:00:34]} 41. Bxf7
{[%clk 0:08:40]} Kxf7 {[%clk 0:01:03]} 42. Rd1 {[%clk 0:07:56]} Qf5 {[%clk
0:28:34]} 43. Qd3 {[%clk 0:36:57]} Qxd3 {[%clk 0:27:24]} 44. Rxd3 {[%clk
0:37:21]} Nf6 {[%clk 0:23:58]} 45. Bxe5 {[%clk 0:36:32]} Nd5 {[%clk 0:24:16]}
46. Bxg7 {[%clk 0:36:41]} Kxg7 {[%clk 0:24:40]} 47. Rxd5 {[%clk 0:36:06]} 1-0

[Event "ODJM B 2022"]
[Site "Willingen GER"]
[Date "2022.06.08"]
[Round "5"]
[White "Werner, Florin"]
[Black "von Jan, Lena"]
[Result "1-0"]
[Termination "normal"]
[Board "7"]
[WhiteElo "1609"]
[BlackElo "1634"]
[WhiteClock "01:15:43"]
[BlackClock "00:15:43"]
[PlyCount "99"]
[WhiteFideId "16250230"]
[BlackFideId "12946060"]
[EventCountry "GER"]
[EventRounds "9"]
[EventType "swiss"]
[EventDate "2022.06.04"]

1. e4 {[%clk 1:30:52]} e5 {[%clk 1:30:54]} 2. Nf3 {[%clk 1:31:14]} Nc6 {[%clk
1:31:18]} 3. Bb5 {[%clk 1:31:36]} Nf6 {[%clk 1:31:06]} 4. d3 {[%clk 1:31:57]}
Ne7 {[%clk 1:29:59]} 5. O-O {[%clk 1:32:07]} c6 {[%clk 1:29:59]} 6. Bc4 {[%clk
1:32:21]} Ng6 {[%clk 1:29:53]} 7. Re1 {[%clk 1:30:48]} Be7 {[%clk 1:28:46]} 8.
c3 {[%clk 1:30:39]} O-O {[%clk 1:27:58]} 9. Bb3 {[%clk 1:29:24]} Re8 {[%clk
1:18:09]} 10. Nbd2 {[%clk 1:26:57]} Bf8 {[%clk 1:13:51]} 11. Nf1 {[%clk
1:21:36]} d5 {[%clk 1:09:32]} 12. exd5 {[%clk 1:20:29]} Nxd5 {[%clk 1:06:40]}
13. h3 {[%clk 1:15:48]} f6 {[%clk 0:55:45]} 14. Ng3 {[%clk 1:07:55]} Be6 {[%clk
0:51:45]} 15. d4 {[%clk 1:03:02]} Bd6 {[%clk 0:46:30]} 16. dxe5 {[%clk
1:02:24]} Nxe5 {[%clk 0:44:48]} 17. Ne4 {[%clk 0:58:36]} Nxf3+ {[%clk 0:39:09]}
18. Qxf3 {[%clk 0:58:57]} Be5 {[%clk 0:35:06]} 19. Nc5 {[%clk 0:57:37]} Qc8
{[%clk 0:29:58]} 20. Nxe6 {[%clk 0:56:59]} Qxe6 {[%clk 0:27:44]} 21. Bf4 {[%clk
0:56:26]} Qd6 {[%clk 0:23:22]} 22. Bxe5 {[%clk 0:55:37]} Rxe5 {[%clk 0:20:18]}
23. Rxe5 {[%clk 0:54:50]} Qxe5 {[%clk 0:19:44]} 24. Rd1 {[%clk 0:55:08]} Re8
{[%clk 0:14:16]} 25. Bxd5+ {[%clk 0:54:46]} cxd5 {[%clk 0:14:11]} 26. Qxd5+
{[%clk 0:54:08]} Qxd5 {[%clk 0:13:51]} 27. Rxd5 {[%clk 0:54:34]} Re1+ {[%clk
0:13:20]} 28. Kh2 {[%clk 0:55:00]} Kf7 {[%clk 0:10:49]} 29. Rd7+ {[%clk
0:51:53]} Re7 {[%clk 0:11:04]} 30. Rxe7+ {[%clk 0:51:51]} Kxe7 {[%clk 0:11:30]}
31. Kg3 {[%clk 0:52:18]} Kd6 {[%clk 0:11:45]} 32. Kf3 {[%clk 0:52:39]} Kd5
{[%clk 0:11:25]} 33. Ke3 {[%clk 0:52:40]} Kc4 {[%clk 0:10:29]} 34. Kd2 {[%clk
0:52:57]} a5 {[%clk 0:09:56]} 35. b3+ {[%clk 0:53:20]} Kc5 {[%clk 0:09:49]} 36.
Kd3 {[%clk 0:53:28]} g6 {[%clk 0:06:00]} 37. a3 {[%clk 0:51:06]} f5 {[%clk
0:04:54]} 38. h4 {[%clk 0:49:22]} Kd5 {[%clk 0:04:11]} 39. c4+ {[%clk 0:49:17]}
Ke5 {[%clk 0:04:21]} 40. b4 {[%clk 0:48:40]} axb4 {[%clk 0:01:51]} 41. axb4
{[%clk 0:49:05]} h6 {[%clk 0:25:10]} 42. g3 {[%clk 1:18:01]} g5 {[%clk
0:22:20]} 43. b5 {[%clk 1:15:21]} g4 {[%clk 0:20:41]} 44. Ke3 {[%clk 1:14:09]}
h5 {[%clk 0:19:22]} 45. b6 {[%clk 1:14:34]} Kd6 {[%clk 0:17:36]} 46. Kd4 {[%clk
1:14:45]} Kc6 {[%clk 0:17:55]} 47. c5 {[%clk 1:15:05]} Kb5 {[%clk 0:17:05]} 48.
Kd5 {[%clk 1:15:24]} Ka5 {[%clk 0:15:24]} 49. Kd6 {[%clk 1:15:38]} Kb5 {[%clk
0:15:43]} 50. c6 {[%clk 1:15:43]} 1-0

[Event "ODJM B 2022"]
[Site "Willingen GER"]
[Date "2022.06.08"]
[Round "5"]
[White "Hoffmann, Alexander"]
[Black "Vollbehr, Bjarne"]
[Result "1-0"]
[Termination "normal"]
[Board "8"]
[WhiteElo "1638"]
[BlackElo "1634"]
[WhiteClock "00:11:19"]
[BlackClock "00:05:10"]
[PlyCount "153"]
[WhiteFideId "16240219"]
[BlackFideId "34606025"]
[EventCountry "GER"]
[EventRounds "9"]
[EventType "swiss"]
[EventDate "2022.06.04"]

1. c4 {[%clk 1:30:58]} g6 {[%clk 1:30:56]} 2. Nc3 {[%clk 1:31:23]} Bg7 {[%clk
1:31:22]} 3. g3 {[%clk 1:31:46]} e5 {[%clk 1:31:30]} 4. Bg2 {[%clk 1:31:30]} f5
{[%clk 1:31:53]} 5. e4 {[%clk 1:30:07]} d6 {[%clk 1:31:58]} 6. Nge2 {[%clk
1:23:49]} Nc6 {[%clk 1:30:20]} 7. b3 {[%clk 1:02:26]} Nf6 {[%clk 1:28:47]} 8.
Bb2 {[%clk 0:57:45]} O-O {[%clk 1:28:12]} 9. O-O {[%clk 0:54:59]} fxe4 {[%clk
1:25:56]} 10. Nxe4 {[%clk 0:53:25]} Bf5 {[%clk 1:25:39]} 11. d3 {[%clk
0:48:05]} Qd7 {[%clk 1:25:00]} 12. N2c3 {[%clk 0:45:11]} Bh3 {[%clk 1:23:21]}
13. Nxf6+ {[%clk 0:42:39]} Bxf6 {[%clk 1:23:31]} 14. Nd5 {[%clk 0:42:38]} Bxg2
{[%clk 1:23:20]} 15. Nxf6+ {[%clk 0:42:24]} Rxf6 {[%clk 1:23:40]} 16. Kxg2
{[%clk 0:42:49]} Raf8 {[%clk 1:23:46]} 17. f3 {[%clk 0:40:28]} Nd4 {[%clk
1:21:13]} 18. Bxd4 {[%clk 0:36:00]} exd4 {[%clk 1:21:31]} 19. Qd2 {[%clk
0:32:31]} Qc6 {[%clk 1:21:14]} 20. Qf2 {[%clk 0:31:02]} a5 {[%clk 1:00:23]} 21.
Rae1 {[%clk 0:27:15]} a4 {[%clk 0:56:55]} 22. Re4 {[%clk 0:26:01]} Rxf3 {[%clk
0:55:04]} 23. Qxf3 {[%clk 0:25:03]} Rxf3 {[%clk 0:55:02]} 24. Rxf3 {[%clk
0:24:21]} axb3 {[%clk 0:54:19]} 25. axb3 {[%clk 0:24:30]} Qb6 {[%clk 0:54:37]}
26. Re7 {[%clk 0:23:17]} Qxb3 {[%clk 0:45:10]} 27. Rxc7 {[%clk 0:21:33]} Qd1
{[%clk 0:44:24]} 28. Rc8+ {[%clk 0:15:40]} Kg7 {[%clk 0:44:28]} 29. Rcf8 {[%clk
0:15:32]} Qe2+ {[%clk 0:44:20]} 30. Kh3 {[%clk 0:13:26]} Qe6+ {[%clk 0:44:33]}
31. Kg2 {[%clk 0:11:25]} d5 {[%clk 0:41:01]} 32. Rd8 {[%clk 0:04:32]} Qe2+
{[%clk 0:40:38]} 33. Rf2 {[%clk 0:04:59]} Qxd3 {[%clk 0:40:50]} 34. Rxd5 {[%clk
0:03:22]} Qxc4 {[%clk 0:40:40]} 35. Rd7+ {[%clk 0:03:47]} Kh6 {[%clk 0:40:51]}
36. Rff7 {[%clk 0:03:58]} Qe2+ {[%clk 0:36:56]} 37. Kh3 {[%clk 0:03:40]} Qe6+
{[%clk 0:21:40]} 38. Kg2 {[%clk 0:04:02]} d3 {[%clk 0:21:46]} 39. Rxh7+ {[%clk
0:03:38]} Kg5 {[%clk 0:22:04]} 40. Rhe7 {[%clk 0:01:13]} Qc6+ {[%clk 0:20:22]}
41. Kh3 {[%clk 0:27:09]} Qf3 {[%clk 0:40:18]} 42. Re5+ {[%clk 0:24:36]} Kh6
{[%clk 0:35:31]} 43. Red5 {[%clk 0:23:31]} Qf1+ {[%clk 0:22:24]} 44. Kh4 {[%clk
0:22:54]} Qg2 {[%clk 0:21:16]} 45. Rxd3 {[%clk 0:19:46]} Qxh2+ {[%clk 0:21:28]}
46. Kg4 {[%clk 0:19:56]} Qh5+ {[%clk 0:19:56]} 47. Kf4 {[%clk 0:19:29]} Qf5+
{[%clk 0:20:07]} 48. Ke3 {[%clk 0:19:51]} b5 {[%clk 0:19:37]} 49. Kd2 {[%clk
0:18:54]} Qc5 {[%clk 0:18:11]} 50. Ke2 {[%clk 0:17:15]} b4 {[%clk 0:17:05]} 51.
g4 {[%clk 0:17:01]} Qc4 {[%clk 0:15:46]} 52. Kf3 {[%clk 0:11:24]} b3 {[%clk
0:15:16]} 53. R3d5 {[%clk 0:07:25]} Qf1+ {[%clk 0:14:29]} 54. Kg3 {[%clk
0:06:58]} Qe1+ {[%clk 0:11:18]} 55. Kf3 {[%clk 0:07:10]} Qc3+ {[%clk 0:10:57]}
56. Kf4 {[%clk 0:07:26]} g5+ {[%clk 0:08:14]} 57. Ke4 {[%clk 0:06:41]} Qc4+
{[%clk 0:05:21]} 58. Ke3 {[%clk 0:06:16]} Qc3+ {[%clk 0:00:56]} 59. Ke4 {[%clk
0:06:17]} Qc2+ {[%clk 0:01:04]} 60. Kd4 {[%clk 0:06:28]} Qd1+ {[%clk 0:00:51]}
61. Kc5 {[%clk 0:06:50]} Qg1+ {[%clk 0:00:39]} 62. Kc6 {[%clk 0:06:47]} Qc1+
{[%clk 0:00:51]} 63. Kb7 {[%clk 0:06:38]} Qc2 {[%clk 0:00:49]} 64. R5d6+ {[%clk
0:06:48]} Qg6 {[%clk 0:01:07]} 65. Rxg6+ {[%clk 0:07:04]} Kxg6 {[%clk 0:01:36]}
66. Rd3 {[%clk 0:07:12]} Kf6 {[%clk 0:01:51]} 67. Rxb3 {[%clk 0:07:32]} Ke5
{[%clk 0:02:17]} 68. Rb4 {[%clk 0:07:56]} Kd6 {[%clk 0:02:18]} 69. Rb5 {[%clk
0:08:18]} Ke6 {[%clk 0:02:30]} 70. Rxg5 {[%clk 0:08:43]} Kf6 {[%clk 0:02:54]}
71. Rc5 {[%clk 0:09:07]} Ke6 {[%clk 0:03:19]} 72. Kc6 {[%clk 0:09:28]} Kf6
{[%clk 0:03:44]} 73. Kd6 {[%clk 0:09:49]} Kg6 {[%clk 0:04:07]} 74. Ke6 {[%clk
0:10:12]} Kg7 {[%clk 0:04:31]} 75. Rg5+ {[%clk 0:10:31]} Kh7 {[%clk 0:04:44]}
76. Kf7 {[%clk 0:10:54]} Kh6 {[%clk 0:05:10]} 77. Rh5# {[%clk 0:11:19]} 1-0

[Event "ODJM B 2022"]
[Site "Willingen GER"]
[Date "2022.06.08"]
[Round "5"]
[White "Abou Wally, Adrian"]
[Black "Masur, Maxim"]
[Result "1-0"]
[Termination "normal"]
[Board "13"]
[WhiteElo "1601"]
[BlackElo "1428"]
[PlyCount "65"]
[WhiteFideId "16245113"]
[BlackFideId "34606637"]
[EventCountry "GER"]
[EventRounds "9"]
[EventType "swiss"]
[EventDate "2022.06.04"]

1. e4 e5 2. Nf3 Nc6 3. Bc4 Bc5 4. c3 Nf6 5. d4 exd4 6. e5 Ng4 7. cxd4 Bb4+ 8.
Nc3 d5 9. Bb5 Bd7 10. O-O Bxc3 11. bxc3 Ne7 12. Bd3 c6 13. h3 Nh6 14. Bxh6 gxh6
15. Qd2 Nf5 16. Qf4 Qc8 17. Rfe1 Be6 18. Bxf5 Bxf5 19. Qxh6 Rg8 20. Kh2 Rg6 21.
Qf4 Be4 22. Nh4 Re6 23. f3 Bg6 24. Nf5 Bxf5 25. Qxf5 Qc7 26. Qg5 Rg6 27. Qh4 f6
28. Kh1 O-O-O 29. exf6 Rdg8 30. Re7 Qd8 31. f7 Rh8 32. Rae1 Re6 33. R1xe6 1-0